| 000 | 00602nam a22001457a 4500 | ||
|---|---|---|---|
| 040 | _cNUST | ||
| 082 | _a378.1662,GRE | ||
| 100 |
_aGreen, Sharon Weiner _938360 |
||
| 245 |
_aBarron's SAT : _bMost Up-To-Date Review and Practice Tests Currently Available / _c Sharon Weiner Green |
||
| 250 | _a26th ed. | ||
| 260 |
_aAmerica _bBarron's _c2012 |
||
| 300 | _axiv,920 p.; | ||
| 505 | _aPart-1: Get Acquainted With the Sat (Page-3), Part-2: Pinpoint Your Trouble Spots (Page-29), Part-3: Tactics and Practice Critical Reading (Page-91), Part-4: Test Yourself (Page-631). | ||
| 942 |
_2ddc _cBK _k378.1662,GRE |
||
| 999 |
_c592931 _d592931 |
||